| 000 | 00458nam a22001697a 4500 | ||
|---|---|---|---|
| 008 | 151130b xxu||||| |||| 00| 0 eng d | ||
| 020 | _a9788177583335 | ||
| 041 | 0 | _aeng | |
| 080 | _a512.64 | ||
| 100 | 1 | _aLay, David C. | |
| 245 | 1 | 0 |
_aLinear algebra and its applications / _cDavid C. Lay. |
| 250 | _a3rd ed. | ||
| 260 |
_aBoston : _bAddison Wesley, _cc2003. |
||
| 300 |
_axvi, 492 f. : _bme ill. ; _c24 cm. |
||
| 650 | 0 | _aAlgjebra lineare | |
| 942 |
_2udc _cBK |
||
| 999 |
_c1390 _d1390 |
||